000
00311nam a2200121Ia 4500
008
190216s9999||||xx |||||||||||||| ||und||
100
_a
Keshari Nathan Shukla
245
0
_a
Hindi Nature Enviornment Problems And Solution
260
_b
Navadeep Prakashan
_c
2009
300
_a
168
650
_a
Hindi
942
_c
BK
999
_c
16632
_d
16632